| 000 | 01006nam a2200265Ia 4500 | ||
|---|---|---|---|
| 003 | OSt | ||
| 005 | 20221005105544.0 | ||
| 006 | a|||||r|||| 00| 0 | ||
| 007 | ta | ||
| 008 | 221004b |||||||| |||| 00| 0 hin d | ||
| 020 |
_a8174870016 (hbk) _cIndian Rupees 300 |
||
| 024 | _a27972 | ||
| 037 |
_bGift, 24/10/2016, _cTextual |
||
| 040 |
_aCRL _cCRL _bhin |
||
| 041 |
_2hin _ahin |
||
| 082 | _aO152,1:gN5, N4 | ||
| 100 | _aचतुर्वेदी, जगदीश्वर | ||
| 245 | 0 | _aमार्क्सवाद और आधुनिक हिन्दी कविता | |
| 246 | _aMārksavād aur ādhunik hindī kavitā | ||
| 260 |
_aनई दिल्ली _bराधा पब्लिकेशन्स भारत _c1994 |
||
| 300 |
_a202पृ0 _ccm. |
||
| 650 | _aहिन्दी साहित्य | ||
| 942 |
_hO152,1:gN5, N4 _cTEXL _2cc |
||
| 999 |
_c1016158 _d1016158 |
||